00701 2200217 4500001002100000005001500021035002000036007000300056008004100059020002200100082001000122084001600132100003900148245007900187250001700266260004600283300005400329500003700383700002900420600003400449INLIS00000000000227720260225082049 a0010-0226000119ta260225 b 0 ind  a978-979-678-428-0 a372.7 a372.7 MUH b0 aMuhammad Ramdhan Adi ( Pengarang )1 aBermain dengan matematika /cMuhammad Ramdhan Adi ; editor , Ichsan Suhada aCetakan 2020 aBandung :bSarana Panca Karya Nusa,c2020 a64 hlm :bilust, berganbarn, berwarna ;c30 cme- aIndeks Bibliografi : halaman 640 aIchsan Suhada ( Editor ) 4aMatematika (Pendidikan dasar)